000 01828cam a22004454i 4500
003 PE-LiUPU
005 20250731175646.0
008 150616s r 000 0 d
020 _a9023230914
035 _a(Sirsi) i9789023230915
040 _aPE-LiUPU
_bspa
_cPE-LiUPU
_erda
049 _aPRUA
082 0 4 _a492.4
_bL57
_221
245 0 0 _aLiterary Structure and Rhetorical Strategies in the Hebrew Bible /
_ceditado por L.J. de Regt, J. de Waard, y J.P Fokkelman.
264 1 _aHolanda :
_bVan Gorcum & Comp.,
_c1996.
300 _a270 páginas ;
_c25 centímetros
336 _atext
_2rdacontent
337 _aunmediated
_2rdamedia
338 _avolume
_2rdacarrier
505 0 _aThe problem of perspective in biblical narrative.- Inverted parallelisms and encased parables in Isaiah and their significance for old and new testament traslation and interpretation.- Discovering a new path of intertextuality: inverted quotations and their dynamics.- Etc...
526 _aP145
526 _aP127
526 _aP97
526 _aP35
526 _aP14
526 _aP07
630 _aBiblia.
_pA.T.
_xLenguaje, estilo.
650 0 4 _aIntertextualidad.
650 0 4 _aRetórica en la Biblia.
_95069
700 1 _aFokkelman, J. P:,
_eeditor.
700 1 _aRegt, L. J. de,
_d1960-,
_eeditor.
700 1 _aWaard, J. de,
_eeditor.
910 _ajck
_bjvq
_cjck
942 _2ddc
_cBOOK
949 _a492.4 L57
_wDEWEY
_c1
_i43194
_lCCODEBUL1
_mBUL
_r0
_sY
_tBOOK
_u2015-6-16
_xTEOLOGIA
_zUNKNOWN
_0COMPRA
_o.STAFF. Colección General
994 _aC0
_bPEPRU
596 _a1
999 _a492.4 L57
_wDEWEY
_c61154
_i43194
_f2021-11-11
_g5
_lCCODEBUL1
_mBUL
_r0
_sY
_tBOOK
_u2015-6-16
_xTEOLOGIA
_zUNKNOWN
_0COMPRA
_o.STAFF. Colección General
_d61154
980 _81
_gALBERTO SANCHEZ Responsable de Automatización